01351nam a22003617a 450000100030000000300060000300500170000900800410002601000170006702000360008402000330012002000180015303500240017103500210019504000810021604200150029705000160031208200100032810000190033824500480035725000120040526000310041730000230044849000440047150500060051552002560052152100180077752100150079560000620081065000340087265000230090680000600092927FISKH20260422090133.0230224b cb ||||| |||| 00| 0 eng d a 2007042957 a9781423101468 (reinforced bdg.) a1423101464 (reinforced bdg.) a9780141346830 a(OCoLC)ocn180753884 a(OCoLC)180753884 aDLCcDLCdIG#dBTCTAdBAKERdBIBdUPZdYDXCPdWIQdEHHdB2AdDLCdFISKHbeng alcacalcac00aPZ7b.R482900a813.61 aRiordan, Rick.14aThe battle of the Labyrinth /cRick Riordan a1st ed. aBungaybPuffin Booksc2008 a361 pages :c20 cm1 aPercy Jackson & the Olympians ;vBook 4 aN aWhen demonic cheerleaders invade his high school, Percy Jackson hurries to Camp Half Blood, from whence he and his demigod friends set out on a quest through the Labyrinth, while the war between the Olympians and the evil Titan lord Kronos draws near.08a590 bLexile aNbRaz-Paz10aJackson, Percyc(Fictitious character)vJuvenile fiction. 0aLabyrinthsvJuvenile fiction. 1aMonstersvFiction.1 aRiordan, Rick.tPercy Jackson & the Olympians ;vBook 4